Strategy related factors of business entity structure and behaviour

Každý podnikateľský subjekt smeruje svoje chovanie k dosiahnutiu vymedzených strategických cieľov. Formulácia stratégie predstavuje proces k dosiahnutiu takého modelu chovania, ktorý využíva príležitosti vo vonkajšom prostredí pri optimálnom využití jednotlivých zdrojov tak, aby boli uspokojené záuj...

ver descrição completa

Na minha lista:
Detalhes bibliográficos
Autor principal: Hron, Jan
Formato: Capítulo de Livro
Idioma:inglês
Assuntos:
Tags: Adicionar Tag
Sem tags, seja o primeiro a adicionar uma tag!

MARC

LEADER 00000naa$a2200000$$$4500
001 0037967
005 20231113141644.6
041 0 |a eng 
044 |a CZ 
245 1 0 |a Strategy related factors of business entity structure and behaviour  |c Jan Hron 
520 |a Každý podnikateľský subjekt smeruje svoje chovanie k dosiahnutiu vymedzených strategických cieľov. Formulácia stratégie predstavuje proces k dosiahnutiu takého modelu chovania, ktorý využíva príležitosti vo vonkajšom prostredí pri optimálnom využití jednotlivých zdrojov tak, aby boli uspokojené záujmy hlavných záujmových skupín. Možnosť vytvorenia alternatív stratégie je výrazom "zdravia" podnikateľského subjektu a je zároveň podmienkou úspechu pri vytváraní metodického postupu pre výber najprijateľnejšieho variantu riešenia. Analýza vonkajšieho a vnútorného prostredia. Implementácia stratégie ako najkomplexnejšia fáza stratégie procesu riadenia a jej dôležitosť pre úspech vybranej stratégie. 
610 2 0 |a podnikatelia 
610 2 0 |a podnik 
610 2 0 |a procesy rozhodovacie 
610 2 0 |a stratégia podniková 
610 2 0 |a prostredie podnikateľské 
610 2 0 |a správanie 
100 1 |a Hron, Jan